Nigerian journal of rural sociology (Record no. 44083)

MARC details
000 -LEADER
fixed length control field 00481nam a2200169Ia 4500
022 ## - INTERNATIONAL STANDARD SERIAL NUMBER
ISSN 3043-4491
050 ## - CALL MARK
Classification number HT401 .N54/
245 #0 - TITLE STATEMENT
Title Nigerian journal of rural sociology
250 ## - EDITION / VOLUME STATEMENT
Edition / Volume statement Vol. 25, No. 1
260 ## - PUBLICATION, DISTRIBUTION, ETC. (IMPRINT)
Place of publication Abeokuta, Nigeria
260 ## - PUBLICATION, DISTRIBUTION, ETC. (IMPRINT)
Name of publisher The Nigeria Rural Sociological Association
260 ## - PUBLICATION, DISTRIBUTION, ETC. (IMPRINT)
Year of publication 2025
300 ## - PHYSICAL DESCRIPTION
Number of Pages 183 p. ; 29 cm.
650 ## - SUBJECT ADDED ENTRY--TOPICAL TERM
Topical Term Sociology, Rural--Periodicals. Nigeria--Rural conditions--Periodicals.
942 ## - ADDED ENTRY ELEMENTS (KOHA)
Koha item type Serials
Source of classification Library of Congress Classification

No items available.